[Event "GER-chT Betriebe 15th"]
[Site "Munich"]
[Date "2015.10.23"]
[Round "4.1"]
[White "Hoffmann, Hendrik"]
[Black "Safyanovsky, Mark"]
[Result "1-0"]
[WhiteElo "2198"]
[BlackElo "2248"]
[PlyCount "61"]
[EventDate "2015.10.22"]
[EventType "team-swiss"]
[EventRounds "7"]
[EventCountry "GER"]
[SourceTitle "EXT 2020"]
[Source "ChessBase"]
[SourceDate "2019.10.17"]
[SourceVersion "1"]
[SourceVersionDate "2019.10.17"]
[SourceQuality "1"]
[WhiteTeam "Leipzig Publishing Services"]
[BlackTeam "Berlin Osram"]
[WhiteTeamCountry "GER"]
[BlackTeamCountry "GER"]

1. e4 g6 2. d4 Bg7 3. Nf3 d6 4. h3 c5 5. dxc5 Qa5+ 6. Bd2 Qxc5 7. Nc3 Nf6 8. Bd3 0-0 9. 0-0 Nbd7 10. Re1 Nb6 11. Rb1 Be6 12. Be3 Qc8 13. Bg5 Re8 14. Qd2 Nfd7 15. Bh6 Bh8 16. Ng5 Ne5 17. Bb5 Bd7 18. Bxd7 Nexd7 19. Qf4 Nf6 20. Qg3 Qc5 21. Kh1 Rac8 22. f4 Nc4 23. f5 b6 24. fxg6 hxg6 25. Qh4 Nxb2 26. Nd5 Qxc2 27. Bf8 Nh5 28. Bxe7 Nd3 29. Rf1 Nf2+ 30. Qxf2 Qxf2 31. Rxf2 1-0

[Event "Regionalliga SW 1415"]
[Site "Bayern"]
[Date "2015.02.01"]
[Round "6.3"]
[White "Schleich, Theodor"]
[Black "Safyanovsky, Mark"]
[Result "0-1"]
[WhiteElo "1936"]
[BlackElo "2156"]
[PlyCount "62"]
[EventDate "2014.10.19"]
[EventType "team-tourn"]
[EventRounds "9"]
[EventCountry "GER"]
[SourceTitle "EXT 2018"]
[Source "ChessBase"]
[SourceDate "2017.10.13"]
[SourceVersion "1"]
[SourceVersionDate "2017.10.13"]
[SourceQuality "1"]
[WhiteTeam "Muenchen Siemens"]
[BlackTeam "Haunstetten"]
[WhiteTeamCountry "GER"]
[BlackTeamCountry "GER"]

1. d4 d6 2. e4 g6 3. Nc3 Bg7 4. Be3 c6 5. Qd2 b5 6. Bd3 Nd7 7. Nge2 Bb7 8. f3 a6 9. a4 Ngf6 10. Bh6 0-0 11. h4 e5 12. h5 Bxh6 13. Qxh6 Re8 14. g4 exd4 15. Nxd4 c5 16. Nf5 gxf5 17. gxf5 Kh8 18. Ne2 c4 19. Nf4 cxd3 20. 0-0-0 Ng8 21. Qxd6 Ne5 22. Qb4 Qg5 23. Qd2 Nxf3 24. Ng6+ fxg6 25. hxg6 Re7 26. Qxg5 Nxg5 27. cxd3 Rc8+ 28. Kb1 Nxe4 29. Rhe1 Nef6 30. gxh7 Rxh7 31. axb5 axb5 0-1

[Event "GER-chT Betriebe 14th"]
[Site "Dresden"]
[Date "2014.11.20"]
[Round "1.1"]
[White "Safyanovsky, Mark"]
[Black "Meister, Jakob"]
[Result "0-1"]
[WhiteElo "2248"]
[BlackElo "2466"]
[PlyCount "154"]
[EventDate "2014.11.20"]
[EventType "team-swiss"]
[EventRounds "7"]
[EventCountry "GER"]
[SourceTitle "EXT 2020"]
[Source "ChessBase"]
[SourceDate "2019.10.17"]
[SourceVersion "1"]
[SourceVersionDate "2019.10.17"]
[SourceQuality "1"]
[WhiteTeam "Augsburg Osram"]
[BlackTeam "Berlin President"]
[WhiteTeamCountry "GER"]
[BlackTeamCountry "GER"]

1. Nf3 d5 2. c4 d4 3. e3 c5 4. b4 dxe3 5. fxe3 cxb4 6. d4 Nf6 7. Bd3 Nbd7 8. 0-0 e5 9. Nbd2 Be7 10. Qc2 Ng4 11. Re1 Qc7 12. Nf1 g6 13. h3 Ngf6 14. N1d2 0-0 15. Bb2 Nh5 16. Nxe5 Nxe5 17. dxe5 Bh4 18. Rf1 Bg3 19. Be2 Ng7 20. Ne4 Bxe5 21. Nf6+ Kh8 22. Nd5 Qb8 23. Qb3 Be6 24. Qxb4 Nf5 25. Bg4 Bxd5 26. Bxf5 Bc6 27. Bg4 Kg8 28. Bf3 Bxb2 29. Qxb2 Qe8 30. Qd4 Bxf3 31. Rxf3 b6 32. a4 Rd8 33. Qf4 Qc6 34. a5 Rc8 35. axb6 Qxb6 36. h4 Rc5 37. Kh2 a5 38. Rd1 Qe6 39. Rd4 Rf5 40. Qg3 Rxf3 41. Qxf3 Re8 42. Rd5 a4 43. h5 a3 44. Ra5 Qe7 45. Qf4 Qxe3 46. Qxe3 Rxe3 47. hxg6 hxg6 48. Ra8+ Kg7 49. c5 Rc3 50. c6 Kf6 51. c7 Rxc7 52. Rxa3 Kg5 53. Rg3+ Kf4 54. Rf3+ Ke4 55. Rf6 Ke5 56. Ra6 Rd7 57. Ra5+ Rd5 58. Ra6 Kf5 59. Ra4 Re5 60. Kg3 Re3+ 61. Kf2 Re4 62. Ra7 f6 63. Kf3 Rf4+ 64. Kg3 Rd4 65. Kf3 Kg5 66. Ra5+ f5 67. Ra6 Rd3+ 68. Kf2 f4 69. Rb6 Kh5 70. Rb2 g5 71. Rb5 Kh4 72. Rb8 Rd2+ 73. Kf1 g4 74. Rb5 Kg3 75. Rb3+ f3 76. gxf3 gxf3 77. Rb1 Rh2 0-1

[Event "Landesliga Sued 1314"]
[Site "Bayern"]
[Date "2014.03.16"]
[Round "8.3"]
[White "Grawe, Christian"]
[Black "Safyanovsky, Mark"]
[Result "1/2-1/2"]
[WhiteElo "2189"]
[BlackElo "2248"]
[PlyCount "70"]
[EventDate "2013.10.13"]
[EventType "team-tourn"]
[EventRounds "9"]
[EventCountry "GER"]
[SourceTitle "EXT 2015"]
[Source "ChessBase"]
[SourceDate "2014.11.20"]
[SourceVersion "1"]
[SourceVersionDate "2014.11.20"]
[SourceQuality "1"]
[WhiteTeam "Germering"]
[BlackTeam "Haunstetten"]
[WhiteTeamCountry "GER"]
[BlackTeamCountry "GER"]

1. e4 g6 2. d4 Bg7 3. Nc3 d6 4. f4 Nf6 5. Nf3 c5 6. dxc5 Qa5 7. Qd4 0-0 8. cxd6 exd6 9. Qd2 Re8 10. Bd3 Bf5 11. 0-0 Qc5+ 12. Qf2 Qxf2+ 13. Rxf2 Nxe4 14. Re2 Bxc3 15. bxc3 Nd7 16. Ba3 Nxc3 17. Rxe8+ Rxe8 18. Bxf5 gxf5 19. Bxd6 Re6 20. Be5 Nxe5 21. fxe5 Ra6 22. Nd4 Rxa2 23. Rf1 Ra5 24. Nxf5 Rxe5 25. Nd6 Re7 26. Rf3 Ne2+ 27. Kf1 Nd4 28. Rc3 Rd7 29. Ne8 Rd8 30. Nf6+ Kg7 31. Ne4 Ne6 32. Rg3+ Kf8 33. Rh3 Kg7 34. Rg3+ Kf8 35. Rh3 Kg7 1/2-1/2

[Event "Nuremberg LGA Cup 9th"]
[Site "Nuremberg"]
[Date "2012.09.07"]
[Round "4"]
[White "Safyanovsky, Mark"]
[Black "Paehtz, Thomas Sr"]
[Result "0-1"]
[WhiteElo "2249"]
[BlackElo "2430"]
[PlyCount "82"]
[EventDate "2012.09.06"]
[EventType "swiss"]
[EventRounds "7"]
[EventCountry "GER"]
[SourceTitle "CBM 150 Extra"]
[Source "ChessBase"]
[SourceDate "2012.10.19"]
[SourceVersion "1"]
[SourceVersionDate "2012.10.19"]
[SourceQuality "1"]

1. c4 g6 2. Nc3 Bg7 3. g3 Nf6 4. Bg2 d6 5. Nf3 0-0 6. 0-0 Nc6 7. d3 e5 8. Rb1 a5 9. a3 Bf5 10. Bg5 Qd7 11. Nd2 Bh3 12. Bxf6 Bxf6 13. Nd5 Bd8 14. b4 Bxg2 15. Kxg2 axb4 16. axb4 Nd4 17. e3 Ne6 18. Ra1 Rxa1 19. Qxa1 c6 20. Nc3 f5 21. Qa7 f4 22. Nce4 Be7 23. b5 cxb5 24. exf4 exf4 25. Rb1 d5 26. cxd5 Qxd5 27. f3 Nd4 28. Qb6 Rc8 29. Rb4 Rd8 30. Rb2 Qc6 31. Qa5 h6 32. Qa2+ Kg7 33. Qb1 b4 34. g4 Qd5 35. Qa2 Qxa2 36. Rxa2 Nc6 37. Nf2 Bc5 38. Nfe4 Be3 39. Nc4 Rxd3 40. Ncd6 b3 41. Rb2 Bd4 0-1

[Event "Augsburg Afro op-A 18th"]
[Site "Augsburg"]
[Date "2011.08.05"]
[Round "3"]
[White "Foerderreuther, Jonas"]
[Black "Safyanovsky, Mark"]
[Result "0-1"]
[WhiteElo "2058"]
[BlackElo "2288"]
[PlyCount "54"]
[EventDate "2011.08.04"]
[EventType "swiss"]
[EventRounds "7"]
[EventCountry "GER"]
[SourceTitle "EXT 2015"]
[Source "ChessBase"]
[SourceDate "2014.11.20"]
[SourceVersion "1"]
[SourceVersionDate "2014.11.20"]
[SourceQuality "1"]

1. d4 d6 2. Nf3 g6 3. c4 Bg7 4. g3 Nf6 5. Bg2 0-0 6. 0-0 Nc6 7. Nc3 e5 8. d5 Ne7 9. e4 Bg4 10. h3 Bxf3 11. Bxf3 Nd7 12. b4 a5 13. Ba3 Nc8 14. Qa4 Ncb6 15. Qb5 axb4 16. Bxb4 Qc8 17. Ba5 Nxc4 18. Qxc4 Rxa5 19. Qb4 b6 20. Be2 Nc5 21. Kg2 Bh6 22. f4 exf4 23. gxf4 Bg7 24. Rf3 Bxc3 25. Rxc3 Ra4 26. Qb5 Rxe4 27. Kf3 Qf5 0-1